00367nam a22000977a 4500008004100000082001600041100000900057245016800066260002600234300000900260230629b xxu||||| |||| 00| 0 eng d a333.7bNEMA cNEMA aThe Republic of KenyabThe Third National Report to the Conference of the PArties to the Convention on Biological Diversity on the Implementation of the Convention aKenyabNEMAcDec 2005 a133p